000 00534nam a22002177a 4500
003 UA-OsUOA
001 68149
007 ta
008 20100407b un ||||| |||| 00| 0 ukr d
100 _aЯручик Ю.
090 _a908
_bЯ78
942 _cSA
040 _aUA-OsUOA
_bukr
_cUA-OsUOA
_dUA-OsUOA
245 _aВ Остозькій академії проходили Дні театру
300 _aС.5
955 _a0
041 _aukr
080 _a908
773 0 _w68148
650 7 _a908 Краєзнавство
_2UDC
999 _c354290
_d354290